El buque como objeto de garantía : (Registro nro. 159048)
[ vista simple ]
| 000 -LEADER | |
|---|---|
| fixed length control field | 01458ny a22003373n 4500 |
| 008 - FIXED-LENGTH DATA ELEMENTS--GENERAL INFORMATION | |
| fixed length control field | 010524s2000 sp s 000 0 spa c |
| 017 ## - | |
| -- | M40326-2000 |
| 020 ## - INTERNATIONAL STANDARD BOOK NUMBER | |
| International Standard Book Number | 8471309831 |
| 035 ## - | |
| -- | 1596 |
| 040 ## - CATALOGING SOURCE | |
| Original cataloging agency | UMA.DER |
| Modifying agency | vLex |
| 040 ## - CATALOGING SOURCE | |
| Original cataloging agency | UMA.RE |
| Modifying agency | vLex |
| 080 ## - | |
| -- | 347.798 |
| 090 ## - | |
| -- | 523 |
| -- | 523 |
| 100 1# - MAIN ENTRY--PERSONAL NAME | |
| Personal name | García -Pita y Lastres, José Luis |
| 245 13 - TITLE STATEMENT | |
| Title | El buque como objeto de garantía : |
| Remainder of title | (consideraciones sobre la hipoteca naval) |
| Medium | [Recurso electrónico] |
| Statement of responsibility, etc | José Luis García-Pita y Lastres |
| 256 ## - | |
| -- | Servicio en línea |
| 260 ## - PUBLICATION, DISTRIBUTION, ETC. (IMPRINT) | |
| Place of publication, distribution, etc | Madrid : |
| Name of publisher, distributor, etc | EDERSA, |
| Date of publication, distribution, etc | D.L. 2000 |
| 300 ## - PHYSICAL DESCRIPTION | |
| Extent | 423 p. ; |
| Dimensions | 20 cm |
| 490 1# - SERIES STATEMENT | |
| Series statement | Cuadernos mercantiles ; |
| Volume number/sequential designation | 7 |
| 504 ## - BIBLIOGRAPHY, ETC. NOTE | |
| Bibliography, etc | Referencias bibliográficas a pie de página |
| 506 1# - RESTRICTIONS ON ACCESS NOTE | |
| Terms governing access | Contenido solo disponible en los productos indicados |
| Authorized users | vLex Global |
| -- | vLex Global (Academic Edition, excluding Law Schools) |
| -- | vLex Global (U.S. Academic Edition, Law Schools) |
| -- | vLex Global (U.S. Academic Edition, excluding Law Schools) |
| -- | vLex Global (Academic Edition, Law Schools) |
| 650 07 - SUBJECT ADDED ENTRY--TOPICAL TERM | |
| Source of heading or term | Tesauro vLex |
| Topical term or geographic name as entry element | Hipoteca |
| 650 07 - SUBJECT ADDED ENTRY--TOPICAL TERM | |
| Source of heading or term | Tesauro vLex |
| Topical term or geographic name as entry element | Inmobiliario y registral |
| 650 07 - SUBJECT ADDED ENTRY--TOPICAL TERM | |
| Source of heading or term | Tesauro vLex |
| Topical term or geographic name as entry element | Hipoteca naval |
| 650 07 - SUBJECT ADDED ENTRY--TOPICAL TERM | |
| Source of heading or term | Tesauro vLex |
| Topical term or geographic name as entry element | Juicio sobre hipoteca naval |
| 740 0# - | |
| -- | vLex Libros (Servicios en línea) |
| 830 #0 - | |
| -- | Cuadernos mercantiles (Editoriales de Derecho Reunidas) |
| 856 40 - LOCALIZACIÓN Y ACCESO ELECTRÓNICO | |
| Identificador Uniforme del Recurso (URI/URL) | https://app.vlex.com/#/sources/buque-garantia-hipoteca-naval-1596 |
| 942 ## - | |
| -- | RAA |
| 999 ## - | |
| -- | 159048 |
| -- | 159048 |
No hay ítems disponibles.